Statistiques concernant champions+badges+villes+maitres+conseil 4 de sinnoh pokemon

Cliquez ici pour prendre le quiz!

Statistiques générales

  • Ce quiz a été pris 265 fois
    (97 depuis la dernière actualisation)
  • Le résultat moyen est 26 sur 38

Statistiques - réponses

HintRéponse% Correct
Ccynthia
96%
Fflo
96%
Ppierrick
94%
Ccharbourg
86%
Ttanguy
84%
Ggladys
83%
Llovis
83%
Ccharles
82%
Jjoliberges
81%
Mmelina
81%
Rrivamar
81%
Uunionpolis
81%
Aaaron
79%
Fféli cité
79%
Ffrimapic
79%
Kkimera
79%
Vvestigion
79%
Vvoilaroc
79%
Vverchamp
78%
Aadrien
75%
Tterry
74%
Bbonaugure
73%
Llucio
70%
Ffloraville
68%
Bbonville
66%
Ccélestia
65%
Llitorella
64%
Aaire de combat
51%
Aaire de détente
48%
Aaire de survie
48%
Ffantome
47%
Gglacon
43%
Ccharbon
42%
Fforet
42%
Mmine
42%
Pphare
35%
Ppalustre
31%
Ppavé
26%

Distribution des résultats

Percentile par nombre de réponses

% des personnes avec chaque résultat

Votre développement - résultats

Vous n’avez pas pris ce quiz depuis la dernière actualisation